| 000 | 01144nam a2200313 a 4500 | ||
|---|---|---|---|
| 008 | |||
| 020 | _a9780081021569 (paperback) | ||
| 040 |
_aNUST _cNUST |
||
| 049 | _aMAIN | ||
| 090 |
_aTA403.6 _bWAS |
||
| 245 | 1 | 0 |
_aWaste and supplementary cementitious materials in concrete _bcharacterisation, properties, and applications/ _cedited by Rafat Siddique & Paulo Cachim. |
| 260 |
_aDuxford, UK : _bWoodhead, _c2018. |
||
| 300 |
_axiv, 621 pages : _billustrations (some colour) ; _c23 cm. |
||
| 336 |
_atext _btxt _2rdacontent |
||
| 337 |
_aunmediated _bn _2rdamedia |
||
| 338 |
_avolume _bnc _2rdacarrier |
||
| 440 | _aWoodhead publishing series in civil and structural engineering. | ||
| 500 | _aIncludes index. | ||
| 504 | _aIncludes bibliographical references. | ||
| 650 | 1 | _aWaste products as building materials. | |
| 650 | _aSustainable construction. | ||
| 650 |
_aConcrete _xRecycling. |
||
| 700 |
_aSiddique, Rafat., _aeditor. |
||
| 700 |
_aCachim, Paulo., _aeditor. |
||
| 907 |
_a.b10409968 _b30-09-21 _c22-09-21 |
||
| 003 | |||
| 005 | 20230123141222.0 | ||
| 942 |
_cBOOKS _kTA403.6 _mWAS |
||
| 999 |
_c169727 _d169727 |
||